| 000 | 00561nam a22001817a 4500 | ||
|---|---|---|---|
| 005 | 20250921062525.0 | ||
| 008 | 250912b |||||||| |||| 00| 0 eng d | ||
| 020 | _a9781984659323 | ||
| 082 | _aDC 620.106 T413 2022 | ||
| 110 |
_a3G E-Learning. _933636 |
||
| 245 |
_aFluid mechanics / _c3G E-Learning. |
||
| 250 | _a2nd edition. | ||
| 260 |
_aNew York : _b3G E-Learning, LLC., _c©2022. |
||
| 300 |
_axv, 442 pages : _billustrations (some colors) ; _c25 cm. |
||
| 500 | _aIncludes references and index. | ||
| 650 | 0 |
_aFluid mechanics. _967766 |
|
| 942 |
_2ddc _cDC |
||
| 999 |
_c23747 _d23747 |
||